000 00321nam a2200133Ia 4500
008 240624s9999 xx 000 0 und d
041 _aeng
082 _a160 BAR
100 _aBARONETT STAN
245 _aLOGIC
260 _c2009
_aNew Delhi
_bPearson Education
300 _axii, : 463 : p. : cm. ; 25
365 _cRS
_b30
999 _c15649
_d15649